000 00826nam0a22002651 4500
001 rc\2225838
005 20250623015321.0
035 _a(NLR Aleph) 006519159
090 _a6411366
_c6411366
100 _a20110826d1979 |||y0rusy50 ca
101 0 _arus
102 _aRU
105 _ac z |||a|
200 1 _aКогда верны озерам родники
_e[Стихи]
_fГерман Суровов
210 _aЯрославль
_cВерхне-Волж. кн. изд-во
_d1979
215 _a23 с.
_cпортр.
_d16
686 _aШ5(2-Р)75-65я44
_2rubbk
700 1 _aСуровов
_bГ.П.
_gГерман Петрович
801 0 _aRU
_bNLR
_gpsbo
801 1 _aRU
_bELAR
_2rusmarc
852 _aNLR
_j80-2/923
899 _aRuMoRGB
_jB 79-14/239
899 _aRuMoRGB
_jB 79-14/240
942 _cBOOK
980 _aNB